000 00376nam a2200157Ia 4500
008 230917s9999||||xx |||||||||||||| ||und||
040 _e133740
_aMAIN
041 _aEnglish
082 _a658.0072 M969B
100 _aMurthy, S N
245 0 _aBusiness research methods
250 _a2nd ed.
260 _aNew Delhi
_bExcel Books
_c2008
300 _a388p p.
942 _cBK
999 _c144966
_d144966